000
00265nam a22000977a 4500
008
240422b |||||||| |||| 00| 0 eng d
020
_a
9789391184100
100
_a
Chowdhury Roy Guha Bidisha
_9
7770
245
_a
Home Science-XII
260
_a
Agra
_b
Oswal Publishers
_c
2022
999
_c
12575
_d
12575